Normal view
MARC view
- قندح، عدلي شحادة
Entry Personal Name
001 - CONTROL NUMBER
- control field: 63773
003 - CONTROL NUMBER IDENTIFIER
- control field: JO-AjAnu
005 - DATE AND TIME OF LATEST TRANSACTION
- control field: 20230606084416.0
008 - FIXED-LENGTH DATA ELEMENTS
- fixed length control field: 230606|| aca||aabn | a|a d
040 ## - CATALOGING SOURCE
- Original cataloging agency: JO-AjAnu
- Transcribing agency: JO-AjAnu
100 ## - HEADING--PERSONAL NAME
- Personal name: قندح، عدلي شحادة
670 ## - SOURCE DATA FOUND
- Source citation: Work cat.: (JO-AjAnu)32513: قندح، عدلي شحادة, author, الاستثمار في الاردن في مائة عام 1921-2021م